书目信息 |
| 书名: | Sociology of deviant behavior | |
| 作者: | Marshall B. Clinard, Robert F. Meier. | |
| 分册号: | ||
| 分册名: | 出版地: | Fort Worth, TX : |
|
| 出版社: | Harcourt Brace College Publishers | |
| 出版时间: | 1992. | |
| 页数: | xxi, 607 p. : | |
| 开本: | 25 cm. | |
| 丛书名: | ||
| 中图分类号: | ||
| 科图分类号: | ||
| 其他分类号: | C912.6 | |
| 主题词: | ||
| 电子资源: | ||
| 000 | 01067nam 2200313 a 4500 | |
| 001 | E0740440565 | |
| 003 | DLC | |
| 005 | 20070514113608.20 | |
| 008 | @b@b@b 00110 eng | |
| 008 | @1@1@1 uu | |
| 010 | @a91023221 | |
| 020 | @a0030528674. :@cUSD48.50. | |
| 040 | @aDLC @cDLC @dDLC | |
| 049 | @aN5LA | |
| 050 | 00 | @aHM291 @b.C58 1992 |
| 082 | 00 | @a302.5/42 @220 |
| 090 | @a2-94/D917/C64/ 1992/////1091262 | |
| 090 | @aC912.6 | |
| 096 | @aD917 @v3 | |
| 099 | @dC912.6@ex180=9 | |
| 100 | 10 | @aClinard, Marshall Barron, @d1911- |
| 245 | 10 | @aSociology of deviant behavior / @cMarshall B. Clinard, Robert F. Meier. |
| 250 | @a9th ed. | |
| 260 | 0 | @aFort Worth, TX :@bHarcourt Brace College Publishers,@c1992. |
| 300 | @axxi, 607 p. :@bill. ;@c25 cm. | |
| 504 | @aIncludes bibliographical references (p. 453-507) and indexes.. | |
| 650 | 0 | @aCriminal psychology. |
| 650 | 0 | @aDeviant behavior. |
| 700 | 10 | @aMeier, Robert F. @q(Robert Frank), @d1944- @b00 @c20020930 @lNLC09 @h2251 @b00 @c20021021 @lNLC09 @h1000 @lNLC09 @h2355 @lNLC09 @h1947 |
| Sociology of deviant behavior / / Marshall B. Clinard, Robert F. Meier.-9th ed.-Fort Worth, TX : : Harcourt Brace College Publishers, , 1992. |
| xxi, 607 p. : : ill. ; ; 25 cm. |
| Includes bibliographical references (p. 453-507) and indexes.. |
| ISBN 0030528674. :USD48.50. |
| ● |
| 相关链接 |
|
|
|
|
正题名:Sociology of deviant behavior
索取号:C912.6/x180=9
 
预约/预借
| 序号 | 登录号 | 条形码 | 馆藏地/架位号 | 状态 | 备注 |
| 1 | 0008662 | 300086626 | 第二样本阅览室/ [索取号:C912.6/x180=9] | 在馆 | |
| 2 | 0008663 | 300086635 | 第四借阅区/ [索取号:C912.6/x180=9] | 在馆 | |
| 3 | 0008664 | 300086644 | 密集书库/ [索取号:C912.6/x180=9] | 在馆 | |
| 4 | 0008665 | 300086653 | 第四借阅区/ [索取号:C912.6/x180=9] | 在馆 | |
| 5 | 0008666 | 300086662 | 密集书库/ [索取号:C912.6/x180=9] | 在馆 |